Listening success with dictation

Αποθηκεύτηκε σε:
Λεπτομέρειες βιβλιογραφικής εγγραφής
Κύριος συγγραφέας: Byrne, Garrett
Μορφή: Βιβλίο
Γλώσσα:Undetermined
Έκδοση: Compass Publishing 2009
Θέματα:
Ετικέτες: Προσθήκη ετικέτας
Δεν υπάρχουν, Καταχωρήστε ετικέτα πρώτοι!
Thư viện lưu trữ: Trung tâm Học liệu Trường Đại học Cần Thơ
LEADER 00508nam a2200193Ia 4500
001 CTU_182894
008 210402s9999 xx 000 0 und d
020 |c 149000 
082 |a 428.34 
082 |b B995/Vol.3 
100 |a Byrne, Garrett 
245 0 |a Listening success with dictation 
245 0 |c Garrett Byrne 
260 |b Compass Publishing 
260 |c 2009 
650 |a English language 
650 |x listening 
910 |a Nguyên 
980 |a Trung tâm Học liệu Trường Đại học Cần Thơ